| 000 | 01526cam a22001694a 4500 | ||
|---|---|---|---|
| 005 | 20250605163451.0 | ||
| 008 | 250528s ||||||||||||||||||||||||d | ||
| 035 | _a19831 | ||
| 040 |
_aGR-AtMCL _bgre _dGR-AtMCL _eAACR2 |
||
| 245 | 1 |
_aΕισαγωγή στην Οικονομική. _nΤόμος Ι: Μακροοικονομία |
|
| 260 |
_bΑθήνα _bΠουρναράκης Ε, _c1995 |
||
| 300 | _a414 | ||
| 520 | _aΠρόλογος, Βασικές Οικονομικές Έννοιες, Βασικές Έννοιες και Μεθοδολογική Προσέγγιση, Οικονομική Ανεπάρκεια και Κοινωνική Επιλογή, Το Γενικό Πλαίσιο Λειτουργίας της Αγοράς στη Μικτή Οικονομία: Εξειδίκευση και Χρήμα και Ανταλλαγή, Ζήτηση και Προσφορά και ο Καθορισμός των Τιμών, Ο Ρόλος του Κράτους, Εθνικό Προϊόν και Απασχόληση και Οικονομική Πολιτική, Ανεργία και Πληθωρισμός και οι Στόχοι της Μακροοικονομικής Δραστηριότητας, Η Συνολική Ζήτηση και Προσφορά και το Εθνικό Προϊόν, Κατανάλωση και Επενδύσεις και Αποταμίευση, Ο Προσδιορισμός του Εισοδήματος, Δημόσιος Τομέας | ||
| 942 | _cBK | ||
| 999 |
_c5077 _d5077 |
||